• 首页
  • 本馆介绍
  • 公告通知
  • 最新文献
  • 馆藏检索
  • 电子资源
  • 读者导购
  • 参考咨询
  • 我的图书馆
  • 登录
  • 详细信息显示
  • 放入我的书架
  • 预约/预借图书
  • 作者相关作品
  • 分类相关作品
  • 丛书相关作品
  • 出版社相关作品

书目信息

  • 表格格式
  • 工作单格式
  • 卡片格式
题名:
硅可控整流元件及其应用
    
 
作者: ;湘潭电机厂牵引电气设备研究所 译
分册:  
出版信息: 北京   科学出版社  1970
页数: 327页
开本: 20cm
丛书名:
单 册:
中图分类: TN342
科图分类:
主题词: 晶闸管 , 可控硅
电子资源:
ISBN:
000 00703nam0 2200205 450
001 0641529573
005 20060412141958.51
010    @dCNY0.70
100    @a20060331d1970 km y0chiy0120 ea
101 0  @achi
102    @aCN@b110000
200 1  @a硅可控整流元件及其应用@Agui ke kong zheng liu yuan jian ji qi ying yong@f湘潭电机厂牵引电气设备研究所译@Fxiang tan dian ji chang qian yin dian qi she bei yan jiu suo yi
210    @a北京@c科学出版社@d1970
215 1  @a327页@d20cm
606 0  @a晶闸管
606 0  @a可控硅
690    @aTN342@v4
711  0 @a湘潭电机厂牵引电气设备研究所@Axiang tan dian ji chang qian yin dian qi she bei yan jiu suo@4译
801  0 @aCN@bPFT@c20060412
905    @a10447@dTN342@e4
    
    硅可控整流元件及其应用/湘潭电机厂牵引电气设备研究所译.-北京:科学出版社,1970
    327页;20cm
    
    
    ISBN :CNY0.70
    
●
相关链接 在E读中查询图书 在五车中查询图书 在当当中查询图书 在豆瓣中查询图书


正题名:硅可控整流元件及其应用     索取号:TN342/4         预约/预借

序号 登录号 条形码 馆藏地/架位号 状态 备注
1 0009097   202257182   密集书库/ [索取号:TN342/4] 在馆    
2 0009098   202214460   密集书库/ [索取号:TN342/4] 在馆    
3 0009099   202214503   密集书库/ [索取号:TN342/4] 在馆    
唐山师范学院图书馆 欢迎您!
大连网信软件有限公司© 版权所有